<?xml version="1.0" encoding="UTF-8"?>
<collection xmlns="http://www.loc.gov/MARC21/slim">
 <record>
  <leader>01161cam a2200253 7i4500</leader>
  <controlfield tag="001">0000056753</controlfield>
  <controlfield tag="005">20081022090000.0</controlfield>
  <controlfield tag="008">081022s2000    -us           0     eng   </controlfield>
  <datafield tag="020" ind1="0" ind2="0">
   <subfield code="a">1595356293 </subfield>
  </datafield>
  <datafield tag="090" ind1="0" ind2="0">
   <subfield code="a">QK 725 </subfield>
   <subfield code="b">.I5 2000</subfield>
  </datafield>
  <datafield tag="245" ind1="0" ind2="0">
   <subfield code="a">Introduction to plant tissue culture  </subfield>
   <subfield code="c">production director, Ricky Martinez.</subfield>
  </datafield>
  <datafield tag="260" ind1="0" ind2="0">
   <subfield code="a">Lubbock, TX: </subfield>
   <subfield code="b">CEV Multimedia, </subfield>
   <subfield code="c">2000.</subfield>
  </datafield>
  <datafield tag="300" ind1=" " ind2=" ">
   <subfield code="a">1 videodisc (25 min.): </subfield>
   <subfield code="b">sd., col.; </subfield>
   <subfield code="c">4 3/4 in..</subfield>
  </datafield>
  <datafield tag="490" ind1="0" ind2="0">
   <subfield code="a">Horticulture video series</subfield>
  </datafield>
  <datafield tag="508" ind1=" " ind2=" ">
   <subfield code="a">Production coordinator, Craig, Jay ; videography, Jay Alan Hoes, Ricky Martinez ; executive director, G.W. Davis ; production director, Ricky Martinez</subfield>
  </datafield>
  <datafield tag="511" ind1="0" ind2="0">
   <subfield code="a">Jay Alan Hoes, post production narrator</subfield>
  </datafield>
  <datafield tag="520" ind1="0" ind2="0">
   <subfield code="a">Discusses components of plant tissue culture; explant, nutrient culture medium, environment, and uses of plant tissue culture. Briefly talks about transgenic plant production</subfield>
  </datafield>
  <datafield tag="538" ind1="0" ind2="0">
   <subfield code="a">DVD</subfield>
  </datafield>
  <datafield tag="650" ind1="0" ind2="0">
   <subfield code="a">Plant tissue culture </subfield>
  </datafield>
  <datafield tag="650" ind1="0" ind2="0">
   <subfield code="a">Plant breeding </subfield>
  </datafield>
  <datafield tag="700" ind1="1" ind2="1">
   <subfield code="a">Hoes, Jay Alan </subfield>
  </datafield>
  <datafield tag="700" ind1="1" ind2="1">
   <subfield code="a">Martinez, Ricky </subfield>
  </datafield>
  <datafield tag="710" ind1="2" ind2="1">
   <subfield code="a">Creative Educational Video, Inc. </subfield>
  </datafield>
  <datafield tag="999" ind1=" " ind2=" ">
   <subfield code="a">1100052687</subfield>
   <subfield code="b">Digital Video Disc</subfield>
   <subfield code="c">Bahan Sumber Media</subfield>
   <subfield code="e">BILIK BAHAN SUMBER MEDIA</subfield>
  </datafield>
 </record>
</collection>
